European Capitals Containing Words - Statistics

General Stats
  • This quiz has been taken 367 times
  • The average score is 14 of 16
Answer Stats
Word European City % Correct
war Warsaw
98%
grade Belgrade
97%
sink Helsinki
97%
stock Stockholm
97%
dub Dublin
96%
brat Bratislava
94%
cow Moscow
93%
rig Riga
92%
rest Bucharest
91%
bud Budapest
91%
open Copenhagen
91%
mad Madrid
90%
tall Tallinn
90%
city Vatican City
87%
hen Athens
54%
tin Pristina
35%
No matching quizzes found
Score Distribution
Percent of People with Each Score
Percentile by Number Answered
Your Score History
You have not taken this quiz